=LDR 00000nam 2200000 4500 =001 INLIS000000000030914 =005 20130612133025 =008 ***********************************ind** =035 ##$$0010-061300000030914 =041 ##$$a ind =082 ##$$a 813 k =090 ##$$a 813 k, Riy t =100 ##$$a Riyanto, Slamet =245 ##$$a The legen of bujang jambi, Slamet Riyanto =260 ##$$a 2008 $b Yogyakarta =300 ##$$a 66 hlm, ilus, 21 cm =650 ##$$a Fiksi Indonesia Anak-anak =850 ##$$a NBPNMAT